Industrijske organizacije udruženog rada 1980

Na minha lista:
Detalhes bibliográficos
Formato: Livro
Idioma:sérvio
Publicado em: Beograd Savezni zavod za statistiku 1982
Colecção:Statistički bilten 1321
Tags: Adicionar Tag
Sem tags, seja o primeiro a adicionar uma tag!

MARC

LEADER 00000nam a2200000 4500
001 c114082
005 20250701083500.2
041 0 |a srp 
044 |a YU 
245 1 0 |a Industrijske organizacije udruženog rada 1980 
264 1 |a Beograd  |b Savezni zavod za statistiku  |c 1982 
300 |a 64 s. 
490 1 |a Statistički bilten  |v 1321 
830 0 |a Statistički bilten  |v 1321